Counter-Strike A-Z - Statistics

General Stats
  • This quiz has been taken 9 times
  • The average score is 18 of 26
Answer Stats
A-Z Hint Answer % Correct
B This city held in 2018 the only major ever won by the USA Boston
100%
A Their 2018-2019 era will (almost) Never be matched Astralis
86%
C He did this very famous 4k jumping noscope on mirage, he also is 2 time #1 HLTV Coldzera
86%
D The only player to attend every single CSGO major (he won 5 of them btw) Dupreeh
86%
E One of Counter-Strike biggest and most Iconic tournament organizer ESL
86%
K One of CS's most famous and prestigious event was held in this city for over a decade, the last edition ever was played in 2025 Katowice
86%
M The baby Goat, also Niko's secret love m0nesy
86%
N The goat that will never win a major, he missed a really famous deagle shot in a major final Niko
86%
S I mean, of course you know him, he IS him, the Major MVP, 3 time #1 HLTV, the goat of csgo s1mple
86%
T probably China's most famous team Tyloo
86%
U Home Country of players like zeus, markeloff, or b1t Ukraine
86%
G One of the best snipers ever, but never won a major guardian
71%
I They almost all got banned for matchfixing, and yet their sticker is now worth more than an electric car IBuyPower
71%
J He was saving so much it became an expression, he also somehow got a major mvp Jame
71%
L a 100% french team, they won a major in 2014 LDLC
71%
R the robot, played in only 3 different teams, but won everything with them, the only 3 time Grand Slam winner in the world ropz
71%
V in 2022, they weren't allowed to use their official tag, but somehow they still won a major... Virtus.pro
71%
F maybe the most famous cheater of all time (word.exe) Forsaken
57%
H "INHUMAN REACTION" Hiko
57%
O "GOLD GOLD GOLD" Ohnepixel
57%
P Once a legend of the game, major mvp, now the best cyclist in the scene pashaBiceps
57%
Q YgQPBqa8tsqW4gzNs8Y4zR.png?bg=3e4c54&h=200&ixlib=java-2.1.0&rect=117%2C0%2C467%2C467&w=200&s=0e34e399d5232579e9d44bea8ea8f0f8 i had nothing else for Q honestly, he did win a major tho Qikert
57%
X the FPL god, so good he gave his name to a peek Xantares
43%
Z The Counter-Strike Greatest Player Of All Time ZywOo
43%
W a sniper that played for Hellraizer, mouz, cloud9 and Eternal Fire, he got a really high sens Woxic
29%
Y No one plays as close to their screen as he does YEKINDAR
29%
No matching quizzes found
Score Distribution
Percent of People with Each Score
Percentile by Number Answered
Your Score History
You have not taken this quiz